000 00761nam a2200265 a 4500
001 3263071
003 OSt
005 20231026114007.0
008 830711s1982 nyu b 001 0 eng
010 _a 81090716
020 _a0812112482
_c$11.95
040 _aDLC
_cDLC
_dDLC
050 0 0 _aRC1062
_b.R38 1982
082 0 0 _aWB700 R214c 1990
_219
100 1 _aRayman, Russell B.
_916588
245 1 0 _aClinical Aviation Medicine
250 _a2nd.
260 _aNew York;
_bVantage Press,
_cc1990.
300 _aviii, 245 p. ;
_c21 cm.
504 _aIncludes bibliographical references and index.
650 0 _aClinical medicine.
_910848
650 0 _aAviation service
_916812
906 _a7
_bcbc
_corignew
_d3
_eopcn
_f19
_gy-gencatlg
942 _2z
_cO_SHELF
999 _c8124
_d8124